00753nam a2200169 a 4500008004100000050001300041110002900054245012500083260004400208300002000252350000900272650002100281650004200302995009900344999001700443952012300460100906s1981 ||||||||||||||||| || u aCOMM(02) aCommonwealth Secretariat10aRural technology workshop, South Pacific, Suva, Fiji: 29 june - 10 july 1981: summary of conclusions and recommendations aLondon:bCommonwealth Secretariatc1981 avariant pagings a0.00 7aTECHNOLOGY2fast aAPPROPRIATE TECHNOLOGY--SOUTH PACIFIC D0.00FCBU-MAIN LIBRARY (Kitwe)H1I0.00M1UAVAILABLEWSep 6, 2010ZInternational Publications c56846d56846 00102lcc4070a001b001cInternational Publicationsd2022-11-30l0oCOMM(02)pZ03007072r2022-11-30w2022-11-30y002